000 00562nam a2200205Ia 4500
005 20250508165546.0
008 008 250505s9999 xx 000 0 eng d
020 _a978-93-82993-96-4
037 _aTextual
040 _aFEDL
_beng
_cFEDL
041 _aeng
_2eng
084 _a153.8, SCH
_qFEDL
100 _aSchwartz Barry
245 0 _aParadox of choice: Why more is less
260 _aNew York, USA
_bHarper Collins Publishers
_c2004
300 _a265p.
365 _aINR
_b399
942 _cTEXL
_h153.8, SCH
999 _c1395860
_d1395860